[Event "Women's World Team Chess Championship"]
[Site "Khanty-Mansiysk, RUS."]
[Date "2017.06.24"]
[Round "7.1"]
[White "Mona Khaled (EGY)"]
[Black "Ushenina Anna (UKR)"]
[Result "1/2-1/2"]
[BlackElo "2458"]
[WhiteElo "2168"]
[LiveChessVersion "1.4.8"]

1. d4 {[%clk 1:30:48]} Nf6 {[%clk 1:30:42]} 2. c4 {[%clk 1:31:09]} e6
{[%clk 1:29:41]} 3. Nc3 {[%clk 1:31:20]} d5 {[%clk 1:28:04]} 4. cxd5
{[%clk 1:28:34]} exd5 {[%clk 1:28:24]} 5. Bf4 {[%clk 1:28:28]} Bd6
{[%clk 1:19:01]} 6. Bxd6 {[%clk 1:27:15]} Qxd6 {[%clk 1:19:28]} 7. Nf3
{[%clk 1:27:20]} c6 {[%clk 1:19:07]} 8. e3 {[%clk 1:27:37]} Bf5 {[%clk 1:08:49]}
9. Bd3 {[%clk 1:21:06]} Bxd3 {[%clk 1:06:42]} 10. Qxd3 {[%clk 1:21:29]} Nbd7
{[%clk 1:07:09]} 11. O-O {[%clk 1:21:41]} a5 {[%clk 0:58:33]} 12. e4
{[%clk 1:17:42]} dxe4 {[%clk 0:52:50]} 13. Nxe4 {[%clk 1:18:07]} Nxe4
{[%clk 0:53:06]} 14. Qxe4+ {[%clk 1:18:32]} Kf8 {[%clk 0:53:35]} 15. Rfe1
{[%clk 1:12:01]} g6 {[%clk 0:51:41]} 16. Ne5 {[%clk 0:56:26]} Nxe5
{[%clk 0:51:37]} 17. dxe5 {[%clk 0:56:33]} Qe6 {[%clk 0:51:06]} 18. Rad1
{[%clk 0:56:09]} Re8 {[%clk 0:41:55]} 19. Qh4 {[%clk 0:46:18]} Kg7
{[%clk 0:42:01]} 20. f4 {[%clk 0:45:43]} Qf5 {[%clk 0:31:42]} 21. Rd2
{[%clk 0:35:02]} h6 {[%clk 0:26:25]} 22. Rf2 {[%clk 0:26:41]} h5 {[%clk 0:19:01]}
23. Rd2 {[%clk 0:26:24]} Re6 {[%clk 0:17:54]} 24. h3 {[%clk 0:22:22]} Rhe8
{[%clk 0:13:57]} 25. Rf2 {[%clk 0:21:29]} Rh8 {[%clk 0:06:26]} 26. Rd1
{[%clk 0:18:57]} Qe4 {[%clk 0:03:41]} 27. Qg3 {[%clk 0:16:56]} h4
{[%clk 0:02:40]} 28. Qb3 {[%clk 0:16:22]} b5 {[%clk 0:02:31]} 29. Rd7
{[%clk 0:15:00]} Rhe8 {[%clk 0:02:49]} 30. Qc3 {[%clk 0:13:33]} a4
{[%clk 0:02:26]} 31. a3 {[%clk 0:13:09]} R8e7 {[%clk 0:02:17]} 32. Rd4
{[%clk 0:09:04]} Qf5 {[%clk 0:02:08]} 33. Rd6 {[%clk 0:05:19]} Qe4
{[%clk 0:02:29]} 34. Rd4 {[%clk 0:05:45]} Qf5 {[%clk 0:02:56]} 35. Rd6
{[%clk 0:06:09]} Qe4 {[%clk 0:03:17]} 36. Rd4 {[%clk 0:06:26]} 1/2-1/2

[Event "Women's World Team Chess Championship"]
[Site "Khanty-Mansiysk, RUS."]
[Date "2017.06.24"]
[Round "7.2"]
[White "Zhukova Natalia (UKR)"]
[Black "Wafa Shrook (EGY)"]
[Result "0-1"]
[BlackElo "2141"]
[WhiteElo "2449"]
[LiveChessVersion "1.4.8"]

1. c4 {[%clk 1:30:56]} e5 {[%clk 1:30:40]} 2. Nc3 {[%clk 1:31:16]} Nc6
{[%clk 1:30:37]} 3. Nf3 {[%clk 1:31:27]} Bb4 {[%clk 1:30:27]} 4. g3
{[%clk 1:25:56]} Bxc3 {[%clk 1:30:24]} 5. bxc3 {[%clk 1:25:24]} d6
{[%clk 1:29:12]} 6. Bg2 {[%clk 1:25:21]} f5 {[%clk 1:26:27]} 7. d4
{[%clk 1:13:37]} e4 {[%clk 1:24:46]} 8. Ng5 {[%clk 1:13:51]} Nf6 {[%clk 1:23:01]}
9. f3 {[%clk 1:05:17]} h6 {[%clk 1:21:16]} 10. Nh3 {[%clk 1:05:27]} O-O
{[%clk 1:20:58]} 11. O-O {[%clk 1:04:31]} Qe8 {[%clk 1:16:45]} 12. Nf4
{[%clk 0:58:11]} Ne7 {[%clk 1:11:56]} 13. Qb3 {[%clk 0:55:25]} Kh8
{[%clk 1:06:07]} 14. Ba3 {[%clk 0:51:26]} g5 {[%clk 1:03:40]} 15. Nd5
{[%clk 0:49:43]} Nexd5 {[%clk 1:02:38]} 16. cxd5 {[%clk 0:50:06]} f4
{[%clk 0:56:48]} 17. c4 {[%clk 0:47:33]} e3 {[%clk 0:51:20]} 18. c5
{[%clk 0:47:13]} Qe7 {[%clk 0:50:48]} 19. Rfc1 {[%clk 0:45:23]} Rg8
{[%clk 0:40:15]} 20. Qb4 {[%clk 0:10:46]} Nxd5 {[%clk 0:34:20]} 21. cxd6
{[%clk 0:10:52]} Qe6 {[%clk 0:32:51]} 22. Qb1 {[%clk 0:06:58]} cxd6
{[%clk 0:24:39]} 23. Qe4 {[%clk 0:07:22]} Bd7 {[%clk 0:20:32]} 24. Qxe6
{[%clk 0:07:35]} Bxe6 {[%clk 0:20:54]} 25. Bxd6 {[%clk 0:08:01]} Rac8
{[%clk 0:18:50]} 26. a3 {[%clk 0:04:44]} Rxc1+ {[%clk 0:16:00]} 27. Rxc1
{[%clk 0:05:12]} Rc8 {[%clk 0:16:19]} 28. Rxc8+ {[%clk 0:05:20]} Bxc8
{[%clk 0:16:44]} 29. h4 {[%clk 0:04:20]} Kg7 {[%clk 0:16:05]} 30. Kf1
{[%clk 0:01:13]} b5 {[%clk 0:15:57]} 31. Ke1 {[%clk 0:01:39]} a5 {[%clk 0:15:43]}
32. h5 {[%clk 0:00:54]} Bf5 {[%clk 0:12:38]} 33. Kd1 {[%clk 0:00:44]} a4
{[%clk 0:11:34]} 34. Kc1 {[%clk 0:00:38]} Kf7 {[%clk 0:10:05]} 35. g4
{[%clk 0:00:52]} Bd7 {[%clk 0:09:44]} 36. Kb2 {[%clk 0:01:19]} b4
{[%clk 0:07:52]} 37. axb4 {[%clk 0:01:31]} Bb5 {[%clk 0:08:15]} 38. Bf1
{[%clk 0:01:52]} Nb6 {[%clk 0:08:07]} 39. Bc5 {[%clk 0:00:36]} Nc4+
{[%clk 0:08:24]} 40. Kc2 {[%clk 0:30:32]} Nd2 {[%clk 0:37:16]} 41. Bg2
{[%clk 0:28:27]} Bxe2 {[%clk 0:36:59]} 42. d5 {[%clk 0:27:43]} Bb5
{[%clk 0:36:56]} 43. d6 {[%clk 0:21:20]} Nb3 {[%clk 0:34:22]} 44. Bf1
{[%clk 0:21:16]} Nxc5 {[%clk 0:23:50]} 45. Bxb5 {[%clk 0:21:14]} Nb7
{[%clk 0:23:26]} 46. d7 {[%clk 0:13:30]} a3 {[%clk 0:23:38]} 47. Kb3
{[%clk 0:10:49]} Ke7 {[%clk 0:23:49]} 48. Kxa3 {[%clk 0:11:15]} Nd6
{[%clk 0:23:39]} 49. Be2 {[%clk 0:11:40]} Kxd7 {[%clk 0:23:47]} 50. Ka4
{[%clk 0:06:16]} Kc6 {[%clk 0:23:37]} 51. Ka5 {[%clk 0:06:38]} Kd5
{[%clk 0:23:08]} 52. b5 {[%clk 0:06:27]} Kc5 {[%clk 0:20:51]} 53. b6
{[%clk 0:05:06]} Nc4+ {[%clk 0:20:16]} 54. Bxc4 {[%clk 0:05:10]} Kxc4
{[%clk 0:20:39]} 55. b7 {[%clk 0:05:33]} e2 {[%clk 0:21:06]} 56. b8=Q
{[%clk 0:05:51]} e1=Q+ {[%clk 0:21:30]} 57. Ka6 {[%clk 0:06:15]} Qa1+
{[%clk 0:21:40]} 58. Kb6 {[%clk 0:06:09]} Qb2+ {[%clk 0:21:54]} 0-1

[Event "Women's World Team Chess Championship"]
[Site "Khanty-Mansiysk, RUS."]
[Date "2017.06.24"]
[Round "7.3"]
[White "Moaataz Ayah (EGY)"]
[Black "Osmak Iulija (UKR)"]
[Result "0-1"]
[BlackElo "2350"]
[WhiteElo "2020"]
[LiveChessVersion "1.4.8"]

1. c4 {[%clk 1:30:58]} e5 {[%clk 1:30:55]} 2. g3 {[%clk 1:31:25]} Nf6
{[%clk 1:31:17]} 3. Bg2 {[%clk 1:31:51]} c6 {[%clk 1:31:40]} 4. d4
{[%clk 1:31:43]} exd4 {[%clk 1:31:56]} 5. Qxd4 {[%clk 1:32:08]} d5
{[%clk 1:32:20]} 6. Nc3 {[%clk 1:31:16]} Be6 {[%clk 1:32:12]} 7. cxd5
{[%clk 1:30:38]} cxd5 {[%clk 1:32:33]} 8. Nf3 {[%clk 1:29:22]} Nc6
{[%clk 1:32:44]} 9. Qa4 {[%clk 1:29:24]} Bc5 {[%clk 1:32:52]} 10. O-O
{[%clk 1:29:24]} O-O {[%clk 1:32:48]} 11. Bg5 {[%clk 1:27:45]} h6
{[%clk 1:30:54]} 12. Bf4 {[%clk 1:27:04]} Re8 {[%clk 1:27:56]} 13. Rad1 Qb6 14.
Qb5 {[%clk 1:13:57]} d4 {[%clk 1:23:17]} 15. Qxb6 {[%clk 1:14:13]} axb6
{[%clk 1:23:29]} 16. Nb5 {[%clk 1:14:33]} Rxa2 {[%clk 1:19:09]} 17. Nfxd4
{[%clk 1:06:59]} Rxb2 {[%clk 1:16:17]} 18. Nxc6 {[%clk 0:57:04]} Rxb5
{[%clk 1:15:59]} 19. Nd4 {[%clk 0:57:10]} Bxd4 {[%clk 1:08:36]} 20. Rxd4
{[%clk 0:57:34]} Bd5 {[%clk 1:09:03]} 21. Bxd5 {[%clk 0:47:57]} Nxd5
{[%clk 1:07:53]} 22. e4 {[%clk 0:47:19]} Nc3 {[%clk 1:01:32]} 23. Re1
{[%clk 0:40:49]} Rb2 {[%clk 1:01:39]} 24. Kf1 {[%clk 0:30:07]} b5
{[%clk 0:59:58]} 25. Bd6 {[%clk 0:30:23]} Ra8 {[%clk 0:59:08]} 26. Re3
{[%clk 0:26:14]} Rc2 {[%clk 0:44:23]} 27. e5 {[%clk 0:23:16]} Raa2
{[%clk 0:38:05]} 28. Rf3 {[%clk 0:23:06]} Rc1+ {[%clk 0:36:44]} 29. Kg2
{[%clk 0:23:30]} Ne2 {[%clk 0:36:55]} 30. Rb4 {[%clk 0:20:47]} Rg1+
{[%clk 0:35:27]} 31. Kh3 {[%clk 0:21:11]} Rd1 {[%clk 0:34:45]} 32. Re3
{[%clk 0:19:01]} Nd4 {[%clk 0:32:54]} 33. Re4 {[%clk 0:18:47]} Ne6
{[%clk 0:32:33]} 34. Kg4 {[%clk 0:15:38]} Rxf2 {[%clk 0:32:24]} 35. Rxb5
{[%clk 0:15:17]} Rxh2 {[%clk 0:29:10]} 36. Rf4 {[%clk 0:09:45]} Nxf4
{[%clk 0:27:56]} 37. Kxf4 {[%clk 0:10:10]} Rf2+ {[%clk 0:27:41]} 38. Ke3
{[%clk 0:10:13]} Rg2 {[%clk 0:27:49]} 39. Kf3 {[%clk 0:09:49]} Rgg1
{[%clk 0:28:02]} 40. Rxb7 {[%clk 0:10:09]} Rd3+ {[%clk 0:28:23]} 41. Kf2
{[%clk 0:39:01]} Rgxg3 {[%clk 0:58:25]} 42. Rb8+ {[%clk 0:38:22]} Kh7
{[%clk 0:58:49]} 43. Rf8 {[%clk 0:38:27]} Rgf3+ {[%clk 0:58:53]} 44. Ke2
{[%clk 0:38:42]} Rde3+ {[%clk 0:59:04]} 45. Kd2 {[%clk 0:39:05]} Re4
{[%clk 0:59:30]} 46. Rc8 {[%clk 0:38:03]} h5 {[%clk 0:59:48]} 47. Rc1
{[%clk 0:38:05]} h4 {[%clk 1:00:12]} 48. Rh1 {[%clk 0:38:05]} h3 {[%clk 1:00:36]}
49. Bb8 {[%clk 0:37:33]} Rg4 {[%clk 1:00:47]} 50. Ke2 {[%clk 0:37:44]} Rb3
{[%clk 1:01:12]} 51. Bd6 {[%clk 0:38:04]} Rg2+ {[%clk 1:01:37]} 0-1

[Event "Women's World Team Chess Championship"]
[Site "Khanty-Mansiysk, RUS."]
[Date "2017.06.24"]
[Round "7.4"]
[White "Buksa Nataliya (UKR)"]
[Black "Ehab Tasneem (EGY)"]
[Result "1-0"]
[BlackElo "1750"]
[WhiteElo "2344"]
[LiveChessVersion "1.4.8"]

1. e4 {[%clk 1:30:58]} c5 {[%clk 1:30:56]} 2. Nf3 {[%clk 1:31:23]} g6
{[%clk 1:31:22]} 3. d4 {[%clk 1:31:48]} cxd4 {[%clk 1:31:49]} 4. Nxd4
{[%clk 1:32:15]} Nc6 {[%clk 1:32:04]} 5. c4 {[%clk 1:32:40]} Nf6 {[%clk 1:32:00]}
6. Nc3 {[%clk 1:33:02]} Nxd4 {[%clk 1:32:00]} 7. Qxd4 {[%clk 1:33:29]} d6
{[%clk 1:32:22]} 8. Be3 {[%clk 1:33:47]} Bg7 {[%clk 1:32:36]} 9. f3
{[%clk 1:34:12]} O-O {[%clk 1:32:53]} 10. Qd2 {[%clk 1:34:38]} Qa5
{[%clk 1:31:42]} 11. Rc1 {[%clk 1:32:51]} Be6 {[%clk 1:31:19]} 12. Nd5
{[%clk 1:33:02]} Qxd2+ {[%clk 1:31:34]} 13. Kxd2 {[%clk 1:32:53]} Bxd5
{[%clk 1:31:15]} 14. cxd5 {[%clk 1:33:18]} Rfc8 {[%clk 1:31:16]} 15. Rxc8+
{[%clk 1:18:15]} Rxc8 {[%clk 1:31:44]} 16. g3 {[%clk 1:18:41]} b6
{[%clk 1:22:56]} 17. Bb5 {[%clk 1:00:02]} Kf8 {[%clk 1:19:01]} 18. a4
{[%clk 0:57:23]} Ne8 {[%clk 1:04:13]} 19. Rc1 {[%clk 0:56:15]} Rxc1
{[%clk 1:03:26]} 20. Kxc1 {[%clk 0:56:43]} Nc7 {[%clk 1:02:13]} 21. Bc6
{[%clk 0:48:50]} Na6 {[%clk 0:57:25]} 22. a5 {[%clk 0:49:15]} bxa5
{[%clk 0:55:42]} 23. Bxa7 {[%clk 0:49:28]} Nc5 {[%clk 0:55:14]} 24. Kc2
{[%clk 0:48:53]} Bd4 {[%clk 0:46:41]} 25. Bb6 {[%clk 0:44:02]} Nb3
{[%clk 0:38:03]} 26. Bc7 {[%clk 0:42:32]} a4 {[%clk 0:21:03]} 27. Bxa4
{[%clk 0:42:20]} Nc5 {[%clk 0:21:12]} 28. Bb5 {[%clk 0:39:49]} f5
{[%clk 0:05:27]} 29. b4 {[%clk 0:37:47]} fxe4 {[%clk 0:03:48]} 30. bxc5
{[%clk 0:38:13]} Bxc5 {[%clk 0:03:58]} 31. fxe4 {[%clk 0:38:39]} g5
{[%clk 0:03:04]} 32. g4 {[%clk 0:37:08]} Bd4 {[%clk 0:02:47]} 33. Kd3
{[%clk 0:37:14]} Be5 {[%clk 0:03:08]} 34. h3 {[%clk 0:37:41]} Kf7
{[%clk 0:02:17]} 35. Bb6 {[%clk 0:38:07]} Bf4 {[%clk 0:01:10]} 36. Bd7
{[%clk 0:38:26]} h6 {[%clk 0:00:46]} 37. Bd4 {[%clk 0:38:46]} Bg3
{[%clk 0:00:37]} 38. Be6+ {[%clk 0:39:04]} Kf8 {[%clk 0:01:05]} 39. Kc4
{[%clk 0:38:48]} Bf4 {[%clk 0:01:18]} 40. Kb5 {[%clk 1:08:44]} Bg3
{[%clk 0:31:26]} 41. Kc6 {[%clk 1:09:08]} Bf4 {[%clk 0:31:36]} 42. Kd7
{[%clk 1:09:33]} Bg3 {[%clk 0:31:53]} 43. Kd8 {[%clk 1:09:54]} Bf4
{[%clk 0:32:07]} 44. Bd7 {[%clk 1:09:45]} Bg3 {[%clk 0:32:12]} 45. Be8
{[%clk 1:10:10]} Bf4 {[%clk 0:32:25]} 46. Kd7 {[%clk 1:10:35]} Bg3
{[%clk 0:32:17]} 47. Bg6 {[%clk 1:11:01]} Bf4 {[%clk 0:31:16]} 48. Bb6
{[%clk 1:10:31]} Be5 {[%clk 0:31:30]} 49. Bd8 {[%clk 1:10:55]} Bf6
{[%clk 0:31:42]} 50. Bh5 {[%clk 1:11:23]} 1-0

[Event "Women's World Team Chess Championship"]
[Site "Khanty-Mansiysk, RUS."]
[Date "2017.06.24"]
[Round "7.6"]
[White "Zawadzka Jolanta (POL)"]
[Black "Lagno Kateryna (RUS)"]
[Result "1/2-1/2"]
[BlackElo "2539"]
[WhiteElo "2426"]
[LiveChessVersion "1.4.8"]

1. e4 {[%clk 1:30:57]} e5 {[%clk 1:30:50]} 2. Nf3 {[%clk 1:31:23]} Nc6
{[%clk 1:31:12]} 3. Bb5 {[%clk 1:31:48]} a6 {[%clk 1:31:36]} 4. Ba4
{[%clk 1:32:14]} Nf6 {[%clk 1:31:48]} 5. O-O {[%clk 1:32:35]} b5 {[%clk 1:32:01]}
6. Bb3 {[%clk 1:32:59]} Bc5 {[%clk 1:32:22]} 7. c3 {[%clk 1:33:18]} d6
{[%clk 1:32:46]} 8. d4 {[%clk 1:33:37]} Bb6 {[%clk 1:32:56]} 9. h3
{[%clk 1:33:31]} O-O {[%clk 1:32:36]} 10. Re1 {[%clk 1:33:49]} h6
{[%clk 1:31:14]} 11. Be3 {[%clk 1:33:57]} Re8 {[%clk 1:30:47]} 12. Nbd2
{[%clk 1:33:44]} exd4 {[%clk 1:29:51]} 13. cxd4 {[%clk 1:33:48]} Na5
{[%clk 1:29:51]} 14. Bc2 {[%clk 1:32:41]} Bb7 {[%clk 1:30:03]} 15. d5
{[%clk 1:16:53]} Bxe3 {[%clk 1:29:40]} 16. Rxe3 {[%clk 1:14:38]} c6
{[%clk 1:30:06]} 17. b4 {[%clk 1:10:22]} Nc4 {[%clk 1:30:25]} 18. Nxc4
{[%clk 1:10:46]} bxc4 {[%clk 1:30:52]} 19. dxc6 {[%clk 1:10:25]} Bxc6
{[%clk 1:31:16]} 20. Qd4 {[%clk 1:08:29]} a5 {[%clk 0:43:04]} 21. Qxc4
{[%clk 0:53:11]} Qb6 {[%clk 0:42:33]} 22. Rb1 {[%clk 0:44:09]} axb4
{[%clk 0:39:03]} 23. Rxb4 {[%clk 0:44:18]} Qc5 {[%clk 0:26:34]} 24. a4
{[%clk 0:39:43]} Ra5 {[%clk 0:21:05]} 25. Qb3 {[%clk 0:35:56]} Bd7
{[%clk 0:15:06]} 26. Rc4 {[%clk 0:28:07]} Qa7 {[%clk 0:13:50]} 27. Rd4
{[%clk 0:22:54]} Ra8 {[%clk 0:11:16]} 28. Qd3 {[%clk 0:22:20]} Bxa4
{[%clk 0:10:13]} 29. Bxa4 {[%clk 0:22:07]} Rxa4 {[%clk 0:10:38]} 30. Rxd6
{[%clk 0:22:21]} Ra1+ {[%clk 0:06:01]} 31. Kh2 {[%clk 0:22:38]} Qe7
{[%clk 0:05:50]} 32. e5 {[%clk 0:19:16]} Ne8 {[%clk 0:06:16]} 33. Rd7
{[%clk 0:18:55]} Qe6 {[%clk 0:06:14]} 34. Rb7 {[%clk 0:18:02]} R1a2
{[%clk 0:05:47]} 35. Kg3 {[%clk 0:05:53]} Rc8 {[%clk 0:05:41]} 36. Qe4
{[%clk 0:04:52]} Rc4 {[%clk 0:02:08]} 37. Nd4 {[%clk 0:04:53]} Raa4
{[%clk 0:01:04]} 38. Nxe6 {[%clk 0:03:24]} Rxe4 {[%clk 0:01:31]} 39. Nd8
{[%clk 0:02:45]} Rxe3+ {[%clk 0:01:07]} 40. fxe3 {[%clk 0:33:14]} Re4
{[%clk 0:30:41]} 41. Re7 {[%clk 0:33:27]} Kf8 {[%clk 0:30:18]} 42. Rxf7+
{[%clk 0:31:02]} Kg8 {[%clk 0:30:39]} 43. Ra7 {[%clk 0:26:03]} Rxe5
{[%clk 0:29:13]} 44. Kf4 {[%clk 0:26:24]} Rb5 {[%clk 0:25:56]} 45. Ne6
{[%clk 0:26:14]} g5+ {[%clk 0:23:20]} 46. Kf3 {[%clk 0:23:58]} Rf5+
{[%clk 0:21:39]} 47. Ke2 {[%clk 0:24:23]} Re5 {[%clk 0:17:00]} 48. Nd4
{[%clk 0:22:20]} Nf6 {[%clk 0:16:58]} 49. Nc6 {[%clk 0:10:24]} Rb5
{[%clk 0:16:01]} 50. Ne7+ {[%clk 0:10:39]} Kf8 {[%clk 0:16:12]} 51. Kd3
{[%clk 0:06:55]} Rb2 {[%clk 0:13:43]} 52. g3 {[%clk 0:06:29]} Rh2
{[%clk 0:12:43]} 53. Kd4 {[%clk 0:06:01]} Rxh3 {[%clk 0:11:03]} 54. Nf5
{[%clk 0:06:04]} Ng4 {[%clk 0:09:38]} 55. e4 {[%clk 0:06:00]} Rh1
{[%clk 0:09:23]} 56. Kd5 {[%clk 0:06:20]} Re1 {[%clk 0:08:29]} 57. Nd6
{[%clk 0:04:15]} h5 {[%clk 0:07:30]} 58. Ke6 {[%clk 0:04:08]} h4 {[%clk 0:07:35]}
59. Rf7+ {[%clk 0:03:39]} Kg8 {[%clk 0:07:49]} 60. Rf5 {[%clk 0:04:04]} h3
{[%clk 0:06:52]} 61. Rxg5+ {[%clk 0:04:14]} Kf8 {[%clk 0:07:22]} 62. Rxg4
{[%clk 0:02:41]} h2 {[%clk 0:07:48]} 63. Rf4+ {[%clk 0:02:58]} Kg8
{[%clk 0:08:15]} 64. Rg4+ {[%clk 0:02:32]} Kf8 {[%clk 0:08:41]} 65. Rf4+
{[%clk 0:02:32]} Kg8 {[%clk 0:09:07]} 66. Rh4 {[%clk 0:02:58]} h1=Q
{[%clk 0:09:33]} 67. Rxh1 {[%clk 0:03:27]} Rxh1 {[%clk 0:09:57]} 68. e5
{[%clk 0:03:40]} Kg7 {[%clk 0:09:41]} 69. Kd7 {[%clk 0:03:06]} Re1
{[%clk 0:09:04]} 70. e6 {[%clk 0:03:25]} Kf6 {[%clk 0:09:17]} 71. Ne8+
{[%clk 0:03:50]} Kg5 {[%clk 0:09:39]} 72. e7 {[%clk 0:02:53]} Rxe7+
{[%clk 0:09:54]} 73. Kxe7 {[%clk 0:03:19]} Kg4 {[%clk 0:10:22]} 1/2-1/2

[Event "Women's World Team Chess Championship"]
[Site "Khanty-Mansiysk, RUS."]
[Date "2017.06.24"]
[Round "7.7"]
[White "Gunina Valentina (RUS)"]
[Black "Kulon Klaudia (POL)"]
[Result "1-0"]
[BlackElo "2381"]
[WhiteElo "2499"]
[LiveChessVersion "1.4.8"]

1. e4 {[%clk 1:30:53]} c5 {[%clk 1:30:35]} 2. Nf3 {[%clk 1:31:14]} Nc6
{[%clk 1:30:45]} 3. Bb5 {[%clk 1:31:24]} g6 {[%clk 1:30:51]} 4. Bxc6
{[%clk 1:31:24]} dxc6 {[%clk 1:31:16]} 5. d3 {[%clk 1:30:58]} Bg7
{[%clk 1:31:40]} 6. h3 {[%clk 1:30:35]} e5 {[%clk 1:31:26]} 7. Nc3
{[%clk 1:29:16]} Qe7 {[%clk 1:30:38]} 8. O-O {[%clk 1:29:05]} Nf6
{[%clk 1:30:12]} 9. Be3 {[%clk 1:28:14]} O-O {[%clk 1:30:20]} 10. Qd2
{[%clk 1:28:23]} Nd7 {[%clk 1:25:53]} 11. Nh2 {[%clk 1:28:05]} Rd8
{[%clk 1:14:45]} 12. Bh6 {[%clk 1:24:55]} Nf8 {[%clk 1:12:14]} 13. Bxg7
{[%clk 1:24:45]} Kxg7 {[%clk 1:12:42]} 14. f4 {[%clk 1:17:08]} exf4
{[%clk 1:05:46]} 15. Rxf4 {[%clk 1:17:22]} Ne6 {[%clk 1:05:06]} 16. Rf2
{[%clk 1:17:25]} Nd4 {[%clk 1:04:12]} 17. Raf1 {[%clk 1:17:13]} Be6
{[%clk 1:03:24]} 18. Nd1 {[%clk 1:15:49]} h6 {[%clk 0:56:11]} 19. Ne3
{[%clk 1:13:13]} Qg5 {[%clk 0:53:40]} 20. Rf4 {[%clk 1:12:10]} Rf8
{[%clk 0:44:18]} 21. c3 {[%clk 1:10:22]} Nb5 {[%clk 0:44:44]} 22. h4
{[%clk 1:10:14]} Qe7 {[%clk 0:42:33]} 23. Nf5+ {[%clk 1:08:55]} gxf5
{[%clk 0:35:39]} 24. exf5 {[%clk 1:09:00]} Bxf5 {[%clk 0:35:55]} 25. Rxf5
{[%clk 1:09:19]} Rae8 {[%clk 0:36:16]} 26. Ng4 {[%clk 1:08:57]} Rh8
{[%clk 0:26:24]} 27. Qf4 {[%clk 1:08:09]} Nd6 {[%clk 0:17:33]} 28. Re5
{[%clk 1:05:16]} Qf8 {[%clk 0:15:11]} 29. Rg5+ {[%clk 1:05:06]} 1-0

[Event "Women's World Team Chess Championship"]
[Site "Khanty-Mansiysk, RUS."]
[Date "2017.06.24"]
[Round "7.8"]
[White "Majdan Joanna (POL)"]
[Black "Goryachkina Aleksandra (RUS)"]
[Result "0-1"]
[BlackElo "2477"]
[WhiteElo "2366"]
[LiveChessVersion "1.4.8"]

1. e4 {[%clk 1:30:57]} e6 {[%clk 1:30:51]} 2. d4 {[%clk 1:31:14]} d5
{[%clk 1:31:16]} 3. Nc3 {[%clk 1:31:25]} Nf6 {[%clk 1:31:20]} 4. e5
{[%clk 1:31:47]} Nfd7 {[%clk 1:31:42]} 5. f4 {[%clk 1:32:08]} c5 {[%clk 1:32:06]}
6. Nf3 {[%clk 1:32:19]} Nc6 {[%clk 1:32:29]} 7. Be3 {[%clk 1:32:03]} cxd4
{[%clk 1:31:39]} 8. Nxd4 {[%clk 1:32:11]} Qb6 {[%clk 1:31:24]} 9. Rb1
{[%clk 1:16:11]} Bc5 {[%clk 1:28:54]} 10. Na4 {[%clk 1:16:10]} Qa5+
{[%clk 1:27:18]} 11. c3 {[%clk 1:16:19]} Bxd4 {[%clk 1:24:29]} 12. Bxd4
{[%clk 1:12:53]} Nxd4 {[%clk 1:24:43]} 13. b4 {[%clk 1:04:10]} Nf3+
{[%clk 1:23:21]} 14. Kf2 {[%clk 1:04:36]} Qc7 {[%clk 1:21:25]} 15. Qxf3
{[%clk 1:05:00]} b6 {[%clk 1:17:24]} 16. g3 {[%clk 1:01:23]} Bb7 {[%clk 1:13:08]}
17. Qd3 {[%clk 0:56:03]} b5 {[%clk 0:58:20]} 18. Nc5 {[%clk 0:50:33]} Nxc5
{[%clk 0:58:24]} 19. bxc5 {[%clk 0:50:59]} a6 {[%clk 0:58:11]} 20. Qd4
{[%clk 0:47:08]} O-O {[%clk 0:57:46]} 21. Bd3 {[%clk 0:43:21]} Rfc8
{[%clk 0:56:15]} 22. a4 {[%clk 0:40:18]} Qxc5 {[%clk 0:54:25]} 23. Rb3
{[%clk 0:40:10]} Qc7 {[%clk 0:43:09]} 24. axb5 {[%clk 0:39:51]} axb5
{[%clk 0:43:30]} 25. Bxb5 {[%clk 0:40:03]} Ra2+ {[%clk 0:42:34]} 26. Ke3
{[%clk 0:39:56]} Ba6 {[%clk 0:35:10]} 27. Bxa6 {[%clk 0:37:14]} Rxa6
{[%clk 0:35:34]} 28. Rd1 {[%clk 0:33:25]} Rc6 {[%clk 0:32:37]} 29. Kd2
{[%clk 0:23:04]} Rc4 {[%clk 0:30:02]} 30. Qd3 {[%clk 0:23:32]} Qa7
{[%clk 0:23:14]} 31. Rdb1 {[%clk 0:23:11]} g6 {[%clk 0:23:10]} 32. Ke2
{[%clk 0:22:07]} Qa5 {[%clk 0:22:17]} 33. f5 {[%clk 0:14:14]} exf5
{[%clk 0:19:43]} 34. Rb5 {[%clk 0:13:00]} Qxc3 {[%clk 0:15:57]} 35. Qxc3
{[%clk 0:12:55]} Rxc3 {[%clk 0:16:19]} 36. Rxd5 {[%clk 0:12:21]} R3c5
{[%clk 0:15:28]} 37. Rxc5 {[%clk 0:08:21]} Rxc5 {[%clk 0:15:52]} 38. Kf3
{[%clk 0:08:45]} Rxe5 {[%clk 0:16:16]} 39. h4 {[%clk 0:09:01]} Kg7
{[%clk 0:16:07]} 40. Rb7 {[%clk 0:39:03]} Re6 {[%clk 0:44:58]} 41. Ra7
{[%clk 0:37:51]} Rc6 {[%clk 0:44:03]} 42. Rb7 {[%clk 0:36:55]} h6
{[%clk 0:44:12]} 43. Ra7 {[%clk 0:35:13]} Rc3+ {[%clk 0:44:11]} 44. Kf4
{[%clk 0:35:28]} Rc4+ {[%clk 0:44:23]} 45. Kf3 {[%clk 0:35:54]} g5
{[%clk 0:41:23]} 46. Ra5 {[%clk 0:33:31]} Kg6 {[%clk 0:41:20]} 47. Ra6+
{[%clk 0:33:44]} f6 {[%clk 0:41:20]} 48. hxg5 {[%clk 0:26:03]} hxg5
{[%clk 0:41:30]} 49. Ra3 {[%clk 0:25:23]} Rc2 {[%clk 0:39:34]} 50. Ke3
{[%clk 0:22:20]} g4 {[%clk 0:38:42]} 51. Kd4 {[%clk 0:22:24]} Rg2
{[%clk 0:38:47]} 52. Kd5 {[%clk 0:22:34]} Re2 {[%clk 0:36:28]} 53. Kd4
{[%clk 0:21:50]} Kg5 {[%clk 0:36:27]} 0-1

[Event "Women's World Team Chess Championship"]
[Site "Khanty-Mansiysk, RUS."]
[Date "2017.06.24"]
[Round "7.9"]
[White "Ju Wenjun (CHN)"]
[Black "Harika Dronavalli (IND)"]
[Result "1/2-1/2"]
[BlackElo "2535"]
[WhiteElo "2583"]
[LiveChessVersion "1.4.8"]

1. d4 {[%clk 1:30:55]} d5 {[%clk 1:30:53]} 2. c4 {[%clk 1:31:14]} e6
{[%clk 1:31:15]} 3. Nf3 {[%clk 1:31:34]} Nf6 {[%clk 1:31:35]} 4. e3
{[%clk 1:31:39]} Nbd7 {[%clk 1:30:50]} 5. Nbd2 {[%clk 1:26:10]} a6
{[%clk 1:17:57]} 6. b3 {[%clk 1:24:54]} b6 {[%clk 1:17:42]} 7. Bd3
{[%clk 1:23:48]} Bb7 {[%clk 1:18:04]} 8. O-O {[%clk 1:22:31]} Bd6
{[%clk 1:15:52]} 9. Bb2 {[%clk 1:22:50]} Ne4 {[%clk 0:59:30]} 10. a3
{[%clk 1:08:25]} a5 {[%clk 0:52:49]} 11. Qc2 {[%clk 0:50:22]} f5 {[%clk 0:46:40]}
12. cxd5 {[%clk 0:50:04]} exd5 {[%clk 0:46:57]} 13. Ne5 {[%clk 0:50:25]} Bxe5
{[%clk 0:38:02]} 14. dxe5 {[%clk 0:50:51]} Ndc5 {[%clk 0:37:27]} 15. Nxe4
{[%clk 0:42:24]} fxe4 {[%clk 0:37:45]} 16. Be2 {[%clk 0:39:43]} O-O
{[%clk 0:37:50]} 17. f4 {[%clk 0:34:28]} exf3 {[%clk 0:36:59]} 18. Rxf3
{[%clk 1:03:59]} Rxf3 {[%clk 0:35:42]} 19. Bxf3 {[%clk 0:34:07]} Qg5
{[%clk 0:35:22]} 20. Re1 {[%clk 0:24:19]} Rf8 {[%clk 0:31:12]} 21. Qd1
{[%clk 0:24:21]} Kh8 {[%clk 0:26:19]} 22. b4 {[%clk 0:24:05]} axb4
{[%clk 0:24:53]} 23. axb4 {[%clk 0:23:41]} Ne6 {[%clk 0:18:51]} 24. Bg4
{[%clk 0:18:58]} d4 {[%clk 0:12:10]} 25. exd4 {[%clk 0:15:26]} h5
{[%clk 0:10:50]} 26. d5 {[%clk 0:12:23]} Nf4 {[%clk 0:10:08]} 27. g3
{[%clk 0:12:11]} hxg4 {[%clk 0:02:16]} 28. gxf4 {[%clk 0:12:37]} Qxf4
{[%clk 0:02:43]} 29. Qd4 {[%clk 0:12:11]} Qxd4+ {[%clk 0:01:31]} 30. Bxd4
{[%clk 0:12:37]} Bxd5 {[%clk 0:01:58]} 31. e6 {[%clk 0:12:18]} Re8
{[%clk 0:01:36]} 1/2-1/2